Τεχνητή νοημοσύνη

Αποθηκεύτηκε σε:
Λεπτομέρειες βιβλιογραφικής εγγραφής
Κύριος συγγραφέας: Graham, Ian, 1953-
Μορφή: Βιβλίο
Γλώσσα:Greek
English
Δημοσίευση: [Αθήνα] : Σαββάλα, 2004.
Σειρά:Στην αιχμή της επιστήμης
Θέματα:
Ετικέτες: Προσθήκη ετικέτας
Δεν υπάρχουν, Καταχωρήστε ετικέτα πρώτοι!

MARC

LEADER 00000cam a2200000 i 4500
001 1/8517
008 100617s2004 gr | ||| |||| ||gre||
020 |a 9604232339 
035 |l 10108279 
040 |a GR-MyUA  |b gre  |e AACR2 
041 1 |a gre  |h eng 
082 0 |a 006.3  |2 (22) 
100 1 |a Graham, Ian,   |d 1953- 
245 1 0 |a Τεχνητή νοημοσύνη /   |c Ian Graham ; [μετάφραση Νίκος Δραμουντάνης].  
260 |a [Αθήνα] :   |b Σαββάλα,   |c 2004.  
300 |a 64 σ. :   |b έγχρ. εικ. ;   |c 24 εκ.  
490 1 |a (Στην αιχμή της επιστήμης)  
500 |a Τίτλος πρωτοτύπου: Artificial intelligence.  
504 |a Βιβλιογραφία: σ. 63.  
504 |a Ευρετήριο: σ. 64.  
650 0 0 |a Artificial intelligence. 
830 0 |a Στην αιχμή της επιστήμης 
852 |a INST  |b LESVOS  |e 20100617  |h 006.3 GRA  |p 005100047849  |q 005100047849  |t BK  |y 0 
901 |a BIBL1-2010-2 
909 |a Λ  |b 164860 
970 |a ΓΙΑΛΑΜΑ  |b ΜΑΡΙΑ  |z 2010/06/17